Normal view
MARC view
Entry Uniform Title
001 - CONTROL NUMBER
- control field: 38980
003 - CONTROL NUMBER IDENTIFIER
- control field: dpl
005 - DATE AND TIME OF LATEST TRANSACTION
- control field: 20120112094348.0
008 - FIXED-LENGTH DATA ELEMENTS
- fixed length control field: 120112|||a|||||| | ||| d
040 ## - CATALOGING SOURCE
- Original cataloging agency: dpl
- Transcribing agency: dpl
130 ## - HEADING--UNIFORM TITLE
- Uniform title: Deltora quest;7
670 ## - SOURCE DATA FOUND
- Source citation: Work cat.: (dpl)59232: Rodda, Emily 38979, The valley of the lost /, 2007(repr.).
670 ## - SOURCE DATA FOUND
- Source citation: Work cat.: (dpl)59232: Rodda, Emily 38979, The valley of the lost /, 2007(repr.).
